[Event "CRO-chT1A 29th"]
[Site "Mali Losinj"]
[Date "2021.10.02"]
[Round "8.2"]
[White "Model game 1: Vujakovic, Branko"]
[Black "Predojevic, Borki"]
[Result "0-1"]
[WhiteElo "2303"]
[BlackElo "2586"]
[Annotator "dkulj"]
[PlyCount "58"]
[EventDate "2021.09.25"]
[EventType "team-tourn"]
[EventRounds "9"]
[EventCountry "CRO"]
[SourceTitle "EXT 2022"]
[Source "ChessBase"]
[SourceDate "2021.10.06"]
[SourceVersion "1"]
[SourceVersionDate "2021.10.06"]
[SourceQuality "1"]
[WhiteTeam "Zagreb Hask Mladost"]
[BlackTeam "Rijeka Liburnija"]
[WhiteTeamCountry "CRO"]
[BlackTeamCountry "CRO"]

1. e4 c6 2. d4 d5 3. Nc3 dxe4 4. Nxe4 Nf6 ({In some other Caro-Kann variations,
such as Karpov's old favorite} 4... Nd7 5. Ng5 Ngf6 6. Bd3 e6 7. N1f3 Bd6 8.
Qe2 h6 9. Ne4 Nxe4 10. Qxe4 {[%csl Rc8][%cal Re8e4] Black has visibly less
space for his pieces than in the exf6 variation: the e-file is closed and so
is the c8-h3 diagonal.}) 5. Nxf6+ exf6 $5 {This variation has become very
popular for Black in modern times. On the surface, this recapture 'away from
the center' seems anti-positional. Moreover, White obtains a clear pawn
majority on the queenside without having to sacrifice any other positional
assets (such as the bishop pair) in return. Nevertheless, Black have been
scoring very well with this variation over the last 4-5 years. How can that
be? Well, Black has several dynamic factors that compensate for the static,
structural, issues.} 6. c3 Bd6 7. Bd3 O-O {[%csl Gc8,Yf6,Yf7,Yg7,Gg8,Yh7][%cal
Yc3c4,Yd4d5,Gf8e8] We can immediately see that Black will have an easy
development (Re8, bishop to the c8-h3 diagonal, Nd7-f8/Na6-c7, etc.). This is
not always the case in Caro-Kann, to put it mildly. This freedom at the early
stage of the game is one of the most appealing things about this variation
from Black's point of view. The second one is extreme solidity of his king's
pawn shield. It is not easy to launch an attack when your opponent has four
pawns around his king!} 8. Qc2 Re8+ 9. Ne2 h5 $1 {This modern pawn thrust was
the key to reviving this whole variation.} 10. O-O ({Another important option
for White is} 10. Be3 $5 {[%cal Ge1c1]} Nd7 11. O-O-O {[%csl Rh5] when we get
a sharp affair. However, despite the initial impression that black king might
be in greater danger because of the vulnerable h5-pawn, things are far from
clear since the white king is not completely safe on the queenside, either. We
can see that in the following important variations:} Nf8 {[%cal Gc8e6,Gd8a5]} (
11... b5 $5 12. d5 c5 13. Bxb5 Rb8 14. c4 a6 $44 {[%csl Rc1][%cal Yb8b2]}))
10... h4 11. h3 {[%csl Rg1,Rh3,Rh4]} Nd7 {We can see the contours of Black's
h-pawn thrust idea - he provoked a weakening in white kingside structure. This
created several targets for a future attack: the h3-pawn (B/Nxh3) and
h2-square (after Bc7-Qd6). That said, the h4-pawn can sometimes become a
weakness, as well. White has several strategies at this point. In this model
game, we will see what happens if he goes for early piece exchanges with} 12.
Bf4 {[%csl Yd6] In principle, White would like to exchange many pieces to
reduce Black's dynamic counterplay and transition into an endgame where his
queenside pawn majority could easily become a decisive factor. However, things
are not that simple.} ({In the other games we will examine} 12. Be3) ({and} 12.
Bd2) 12... Nf8 (12... Rxe2 $4 {is a well-known blunder.} 13. Qxe2 Bxf4 14. Qe4
{[%csl Rh7]} Qc7 15. Qh7+ Kf8 16. Rae1 $18 {[%cal Gh7h8]} Ne5 17. dxe5 fxe5 18.
Qh8+ Ke7 19. Qxh4+ f6 20. Qxf4 {1-0 (20) Perera Alfonso,R  (2354) -Narayanan,S
(2540) Chess.com INT 2021}) 13. Bxd6 Qxd6 14. Rfe1 Bd7 {[%csl Rd4,Yf4][%cal
Yc3c4] The issue with the bishops' exchange is that White actually misses his
dark-squared bishop. The f4-square is seriously weakened and d4-pawn might
become as well the moment White pushes c3-c4.} 15. Rad1 Re7 16. c4 {This move
might be a tad premature. White should have consolidated his position first.}
Rae8 {[%csl Re1,Re2,Ge7,Ge8] Black plays logically, taking control over the
only open file.} 17. Rf1 Ng6 {[%csl Yf4] Black brings his knight closer to the
f4-square.} ({Another strategy worth mentioning is} 17... f5 $5 18. Qd2 g6 {
[%csl Yf5,Yg6,Yh4]} 19. b4 Nh7 $132 {[%csl Gh7][%cal Gh7f6,Gf6e4]}) 18. Nc3 $2
{[%csl Rd4,Rf4] Fulfilling Black's dreams.} (18. Bxg6 $4 Rxe2) (18. Qd2 {
[%csl Yd2] was more solid.}) 18... Nf4 {[%csl Yf4,Rg1] Black has a fantastic
outpost for the knight now.} 19. Be4 {[%cal Gc4c5,Gd4d5]} Qb4 $1 {A nice move
that provokes some more weaknesses.} 20. c5 {This move makes d4-pawn even more
exposed.} ({White would like to play} 20. b3 $4 {but it fails tactically to}
Qxc3 21. Qxc3 Ne2+ $19) 20... Qc4 (20... g5 $1 $17 {[%csl Rd4,Yf4][%cal Gg8g7,
Rd4d5]}) 21. Bf3 Ne6 22. Be2 $2 {Losing the central pawn for no compensation.}
(22. Qd3 {would still hold things together for White.}) 22... Nxd4 23. Bxc4
Nxc2 24. Rd2 {[%csl Rc2]} Bf5 $19 {[%cal Gc2e1]} 25. a3 b5 26. Bb3 Ne1 27. Rd6
Bd3 28. Rxc6 Bxf1 29. Kxf1 Nc2 0-1

[Event "EU-ch 20th"]
[Site "Skopje"]
[Date "2019.03.18"]
[Round "1"]
[White "Model game 2: Haldorsen, Benjamin"]
[Black "Artemiev, Vladislav"]
[Result "0-1"]
[WhiteElo "2448"]
[BlackElo "2736"]
[Annotator "dkulj"]
[PlyCount "104"]
[EventDate "2019.03.18"]
[EventType "swiss"]
[EventRounds "11"]
[EventCountry "MKD"]
[Tiebreak "Sum of Buchholz"]
[SourceTitle "CBM 189"]
[Source "ChessBase"]
[SourceDate "2019.04.29"]
[SourceVersion "1"]
[SourceVersionDate "2019.04.29"]
[SourceQuality "1"]

{[%evp 0,57,19,38,72,69,71,38,47,46,32,36,36,35,32,32,32,1,-1,14,25,12,52,27,
55,11,14,12,44,52,48,58,36,50,61,37,78,4,0,-18,35,42,26,-6,25,42,42,46,31,30,
57,57,57,39,28,55,55,55,41,35]} 1. e4 c6 2. d4 d5 3. Nd2 dxe4 4. Nxe4 Nf6 5.
Nxf6+ exf6 6. c3 Bd6 7. Bd3 O-O 8. Qc2 Re8+ 9. Ne2 h5 10. O-O h4 11. h3 Nd7 12.
Be3 {This move is preferred by the strong players. White supports the pawn
center with his bishop and plans to go Rad1, c3-c4, Nc3/f4 in order to carry
out the d4-d5 break at the right moment.} Nf8 13. Rad1 {[%csl Gd1,Ye3][%cal
Yc3c4,Yd4d5] Black has many options at this point. The Caro-Kann expert GM
Artemiev opted for a direct kingside attack with} Ne6 {[%csl Rh3][%cal Ge6g5]
However, perhaps Black commits a bit too early with this move.} ({It is better
to develop and keep some strategic flexibility with} 13... Bd7) ({or} 13... Be6
) 14. c4 Ng5 {[%csl Gc8,Rh3][%cal Gg5h3] Now various sacrifices on h3 need to
be taken into account.} 15. Rfe1 $1 {[%cal Ge2f4,Gd3f1,Yg1f1] An important
move, not only centralizing the rook but also vacating the f1-square for the
bishop in order to overprotect the weakness on h3.} Bc7 16. a3 Bd7 {[%csl Rh3]
[%cal Gd8c8]} ({The direct attacking attempt} 16... Qd6 {would not work in the
view of} 17. Bf4 Rxe2 18. Qxe2 Qxf4 19. Qe8#) 17. Nf4 {[%csl Yf4]} Qc8 18. Bf1
$1 {[%csl Gh3][%cal Yh2h3] White's setup is harmonious and his king is safe.
Most importantly, he is ready to push d4-d5.} Bf5 19. Qc1 Be4 20. d5 $1 $16 {
[%csl Ra8,Rc8,Gd5] White's middlegame strategy in this game is textbook and
his positional advantage is clear. Nevertheless, Black has some tricky
counterplay:} Qb8 $5 21. b4 (21. Be2 $1 $16 {[%cal Gg1f1] was stronger in
order to avoid Black's main threat.} cxd5 22. Nxd5 Nxh3+ 23. gxh3 Bh2+ 24. Kf1
{[%csl Yf1] This is the point behind Bf1-e2!}) 21... a6 (21... cxd5 $5 22. Nxd5
(22. cxd5 Bd6) 22... Nxh3+ $132 23. gxh3 Bh2#) 22. c5 cxd5 23. Nxd5 Nxh3+ $132
24. Kh1 {White is still clearly better in positional terms, but now his king
becomes exposed so the position is practically quite messy.} Qc8 25. Nxc7 Qxc7
26. Rd4 (26. Rd6 $1 {would cut off black queen from the kingside and leave
White in the driver's seat.} Ng5 27. Bxg5 fxg5 28. f3 Bc6 29. Rxe8+ Rxe8 30.
Qxg5 $14) 26... Qe5 27. Rxe4 Qxe4 28. f3 Qf5 29. gxh3 Qxf3+ 30. Bg2 Qg3 31. Bd2
Rad8 32. Rxe8+ $2 {After this move, White will have big problems coordinating
his pieces.} (32. Kg1 $11) 32... Rxe8 {[%csl Ra3,Yf6,Yf7,Yg7,Rh1,Yh4][%cal
Ge8e2]} 33. Qf1 Rd8 34. Bf4 Qxa3 $17 35. Qe1 Qa4 36. Kh2 Re8 37. Qd2 Qb5 38.
Bf3 Qf1 39. Qg2 Qc4 40. Qd2 Qf1 41. Qg2 Qd3 42. Qf2 g5 43. Bd2 Kg7 44. Qg2 Kh6
45. Qf2 Kg6 46. Qg2 Re7 47. Bc1 Qd4 48. Qb2 Qxb2+ 49. Bxb2 Re3 50. Kg2 Rb3 51.
Ba3 Rxa3 52. Bxb7 Kf5 0-1

[Event "Titled Tuesday intern op 15th Sept"]
[Site "Chess.com INT"]
[Date "2020.09.15"]
[Round "7"]
[White "Model game 3: Mekhitarian, Krikor Sevag"]
[Black "Hansch, Karsten"]
[Result "1-0"]
[WhiteElo "2554"]
[BlackElo "2300"]
[Annotator "dkulj"]
[PlyCount "131"]
[EventDate "2020.09.15"]
[EventType "swiss (blitz)"]
[EventRounds "10"]
[EventCountry "USA"]
[SourceTitle "CBM 198 Extra"]
[Source "ChessBase"]
[SourceDate "2020.11.30"]
[SourceVersion "1"]
[SourceVersionDate "2020.11.30"]
[SourceQuality "1"]

1. e4 c6 2. d4 d5 3. Nc3 dxe4 4. Nxe4 Nf6 5. Nxf6+ exf6 6. c3 Bd6 7. Bd3 O-O 8.
Qc2 Re8+ 9. Ne2 h5 10. O-O h4 11. h3 Nd7 12. Be3 Nf8 13. Rad1 Bc7 {[%cal Gd8d6]
This is another aggressive idea that Black has at his disposal. However,
similar to the quick ...Nf8-e6-g5 plan from model game #2, going for kingside
attack at the expense of development is not the best strategy for Black.} 14.
c4 Qd6 15. Nf4 {The knight looks a bit shaky on f4, but Black cannot exploit
it.} (15. Bf4 {can now be met by} Rxe2 $1 16. Bxd6 Rxc2 {and if} 17. Ba3 $1 {
then Black has} Be6 $1 18. Bxc2 Bxc4 19. Rfe1 Ne6 $44) 15... Be6 ({The key
point is that} 15... g5 {is not dangerous because of} 16. c5) 16. c5 $1 {
We have seen in model game #1 how this move can lead to trouble for White.
However, in this case, Black will not be able to establish a blockade of the
d-pawn. White is looking forward to pushing black queen off the h2-b8 diagonal
and gaining more space.} Qd7 $6 {This natural move is, in fact, a serious
inaccuracy.} (16... Qe7 $1 17. Nxe6 Nxe6 18. Bc4 Rad8 19. d5 cxd5 20. Bxd5 Nf4
21. Bxf4 Bxf4 $11) 17. Nxe6 Nxe6 18. Bc4 {[%csl Rd7,Re6][%cal Gd4d5] If the
Black knight was on d5, that would be a whole different story. As it is, White
is inevitably pushing the thematic d4-d5 and opening the center for his bishop
pair with a tempo.} Nf4 $2 {A tactical mistake.} (18... Rad8 19. d5 cxd5 20.
Rxd5 $16) 19. Bxf4 Bxf4 20. d5 cxd5 21. Rxd5 {[%cal Gd5h5] This being a blitz
game, Black probably missed Rd5-h5 transfer with a decisive attack.} Qc7 22.
Rh5 Bh6 (22... g6 23. Qxg6+ $18) 23. Rxh6 $1 gxh6 24. Qg6+ Kf8 25. Qxh6+ Kg8
26. Qg6+ Kf8 27. Qxf6 $18 {[%csl Rf8]} Re4 28. Qh8+ Ke7 29. Qxa8 Rxc4 30. Qxa7
Rxc5 31. Re1+ Kf6 32. Qa4 Rc1 33. Qxh4+ Kg6 34. Qg4+ Kf6 35. Qf3+ Kg6 36. Qd3+
Kg7 37. Qd4+ Kg8 38. Rxc1 Qxc1+ 39. Kh2 Qc7+ 40. g3 Qc2 41. a3 Qe2 42. h4 Qf3
43. Kg1 Qe2 44. Qc3 Kh7 45. b4 Kg6 46. a4 Kh5 47. Qd4 Qe1+ 48. Kg2 Qe2 49. Qf4
Kg6 50. g4 Qa2 51. b5 Qd5+ 52. f3 Qd1 53. h5+ Kg7 54. Qe4 Qd2+ 55. Kg3 Qd6+ 56.
Qf4 Qd1 57. Qe3 Qf1 58. f4 f6 59. a5 Qh1 60. Kf2 Qh2+ 61. Kf3 Qh1+ 62. Ke2 Qg2+
63. Kd3 Qf1+ 64. Ke4 Qb1+ 65. Qd3 Qxb5 66. Qxb5 1-0